000 00591nam a2200229Ia 4500
003 OSt
005 20221005121603.0
006 a|||||r|||| 00| 0
007 ta
008 221004b |||||||| |||| 00| 0 kan d
024 _a62050
037 _cTextual
040 _aCRL
_cCRL
_bkan
041 _2kan
_akan
082 _aO33,3N16,14, J8
100 _aTrimingham J.S.
_9115827
245 0 _aHistory of Islam in West Africa
260 _c1958
650 _aKANNAD LITERATURE
942 _hO33,3N16,14, J8
_cTEXL
_2cc
999 _c1041631
_d1041631